Dicionário de gêneros textuais
Furkejuvvon:
| Váldodahkki: | |
|---|---|
| Materiálatiipa: | Girji |
| Giella: | portugalágiella |
| Almmustuhtton: |
Belo Horizonte
Autêntica
2009
|
| Preanttus: | 2a. ed |
| Fáttát: | |
| Fáddágilkorat: |
Lasit fáddágilkoriid
Eai fáddágilkorat, Lasit vuosttaš fáddágilkora!
|
MARC
| LEADER | 00000nam a2200000 a 4500 | ||
|---|---|---|---|
| 001 | UCH4692 | ||
| 003 | CL-VaPUC | ||
| 005 | 20201028123606.0 | ||
| 008 | 090903e20090000BL |||||||||||||||||por|d | ||
| 999 | |c 335963 |d 335961 | ||
| 020 | |a 9788575263174 | ||
| 040 | |c Pontificia Universidad Católica de Valparaíso | ||
| 082 | 0 | 4 | |a 469.503 |b COS |2 21 |
| 100 | 0 | |a Costa, Sérgio Roberto |e author |9 540375 | |
| 245 | 1 | 0 | |a Dicionário de gêneros textuais |
| 250 | |a 2a. ed | ||
| 260 | |a Belo Horizonte |b Autêntica |c 2009 | ||
| 300 | |a 199 p | ||
| 583 | |a last modification |c 20090903 00:00:00 |k Rodrigo Vera | ||
| 650 | 7 | |a PORTUGUES DICCIONARIOS |2 CL-VaPUC |9 471109 | |
| 852 | |a BIBCUR | ||
| 942 | |c BK |2 ddc | ||
| 945 | |d 20090903 00:00:00 |a rbrito | ||
| 952 | |0 0 |1 0 |4 0 |6 469_503000000000000_COS_2009 |7 0 |8 A |9 426825 |a FDOPOS |b FDOPOS |d 2019-11-22 |i 4597370 |o 469.503 COS 2009 |p 4597370 |r 2025-01-22 |w 2019-11-22 |y BK |k DLA | ||